| Tag |
First Indicator |
Second Indicator |
Subfields |
| LEADER |
00000cam a2200000 a 4500 |
| 001 |
in00000561069 |
| 005 |
20151014062114.0 |
| 008 |
841101c19841982nyuab j 00110 eng |
| 010 |
|
|
|a 83072806
|
| 020 |
|
|
|a 0531047806 (lib. bdg.)
|
| 035 |
|
|
|a (OCoLC)10767637
|
| 035 |
|
|
|9 ACN1134AM
|
| 039 |
0 |
|
|a 2
|b 3
|c 3
|d 3
|e 3
|
| 040 |
|
|
|a DLC
|c DLC
|d TXA
|d UtOrBLW
|
| 043 |
|
|
|a e-sp---
|
| 049 |
|
|
|a [Curr Col] TXAM
|c [A08585742]
|
| 050 |
0 |
0 |
|a DP48
|b .B66 1984
|
| 082 |
0 |
|
|a 946.083
|2 19
|
| 100 |
1 |
|
|a Bristow, Richard.
|
| 245 |
1 |
0 |
|a We live in Spain /
|c Richard Bristow.
|
| 264 |
|
1 |
|a New York :
|b Bookwright Press,
|c 1984
|
| 264 |
|
4 |
|c ©1982
|
| 300 |
|
|
|a 64 pages :
|b color illustrations, map ;
|c 26 cm.
|
| 336 |
|
|
|a text
|b txt
|2 rdacontent
|
| 337 |
|
|
|a unmediated
|b n
|2 rdamedia
|
| 338 |
|
|
|a volume
|b nc
|2 rdacarrier
|
| 490 |
1 |
|
|a A Living here book
|
| 500 |
|
|
|a Includes index.
|
| 520 |
|
|
|a Presents various aspects of life in Spain through interviews with twenty-eight people representing different age groups, occupations, and regions. Includes a glossary and a brief section of facts about the country.
|
| 651 |
|
0 |
|a Spain
|x Social life and customs
|y 1951-
|x Juvenile literature.
|
| 651 |
|
0 |
|a Spain
|x Occupations
|x Juvenile literature.
|
| 651 |
|
1 |
|a Spain
|x Social life and customs.
|
| 830 |
|
0 |
|a Living here book.
|
| 999 |
|
|
|a MARS
|
| 999 |
f |
f |
|s 9e0ae7c8-bdfb-3d55-b5a0-36cc31a74256
|i 2b44ea0e-b5d9-3221-8ee0-027e25e57bc3
|t 0
|
| 952 |
f |
f |
|p ric
|a Texas A&M University
|b Rellis Campus
|c Joint Library Facility
|d Remote Storage
|t 0
|e DP48 .B66 1984
|h Library of Congress classification
|i unmediated -- volume
|m A14808585742
|
| 998 |
f |
f |
|a DP48 .B66 1984
|t 0
|l Remote Storage
|